000 01501cam a2200409Ka 4500
001 z9livm b1601585
003 OCoLC
005 20170720154808.0
008 140626s2012 nyua j 000 1 spa d
020 _a9780545645348 (pbk.)
020 _a0545645344 (pbk.)
040 _csjds
041 _aspa
090 _ajSPAN PIC COLANDRO, L.
100 1 _aColandro, Lucille.
245 1 4 _aUn dia una senora se trago unos libros! /
_cLucille Colandro ; ilustrado por Jared Lee.
246 3 0 _aThere was an old lady who swallowed some books.
250 _aSpanish.
260 _aNew York :
_bScholastic,
_c2012.
300 _a[31] p. :
_bill. col. ;
_c26 cm.
520 _aA twist on the classic tale of "There Was an Old Lady Who Swallowed a Fly" takes the story even further as the lady goes about swallowing a variety of items related to school, including books, a ruler, and chalk.
650 0 _aSchools
_vJuvenile fiction.
650 0 _aFirst day of school
_vJuvenile fiction.
650 0 _aBooks
_vJuvenile fiction.
650 0 _aBackpacks
_vJuvenile fiction.
650 0 _aSpanish language materials
_vJuvenile fiction.
650 1 _aSpanish language materials
_vFiction.
650 1 _aFirst day of school
_vFiction.
650 1 _aBooks
_vFiction.
650 1 _aSchools
_vFiction.
650 1 _aBackpacks
_vFiction.
650 1 _aNonsense verses.
650 1 _aStories in rhyme.
650 0 _aHumorous stories.
700 1 _aLee, Jared D.,
_eillustrator.
942 _cBK
_2ddc
999 _c18618
_d18618